| 000 | 01100nam a2200265 a 4500 | ||
|---|---|---|---|
| 001 | 78553 | ||
| 003 | BD-RjUL | ||
| 005 | 20211209083137.0 | ||
| 008 | 211004s2000 bg a|||| m||| 00| 0 eng d | ||
| 035 | _a(BD-RjUL)78779 | ||
| 040 |
_aBD-RjUL _beng _cBD-RjUL _dBD-RjUL |
||
| 041 | _aeng | ||
| 082 |
_a303.60954924 _bSAV 2000 _223 |
||
| 100 |
_aSarkar, Md. Zulfikar Ali _9248861 |
||
| 245 | 1 | 0 |
_aVillage Arbitration in Bangladesh : _bA case Study of Baraigram union in Natore District / _cMd. Zulfikar Ali Sarkar ; _6Supervisor : Muhammad Mizanuddin |
| 260 |
_aRajshahi : _bDepartment of Sociology, University of Rajshahi, _c2000 |
||
| 300 |
_aiv, [5], 131 Leaves : _bill. ; _c29 cm. |
||
| 502 | _aThesis (M. Phil.) -- Department of Sociology, University of Rajshahi, 2000 | ||
| 504 | _aBibliography : Leaves [112] - 116 | ||
| 600 |
_a _9248911 |
||
| 650 |
_aArbitration and award _zBangladesh _zNatore District _zBaraigram union _9248862 |
||
| 650 |
_aSocial conflict. _zBangladesh _zNatore District _zBaraigram union _9248912 |
||
| 700 |
_aMizanuddin, Muhammad, Supervisor _9232339 |
||
| 942 |
_2ddc _cTHE |
||
| 999 |
_c78553 _d78553 |
||